Normal view MARC view
  • Emilien, Gérard,

Entry Personal Name

Number of records used in: 4

001 - CONTROL NUMBER

  • control field: 1917

003 - CONTROL NUMBER IDENTIFIER

  • control field: NUST

005 - DATE AND TIME OF LATEST TRANSACTION

  • control field: 20170602112231.0

008 - FIXED-LENGTH DATA ELEMENTS

  • fixed length control field: 170602|| aca||aabn | a|a d

040 ## - CATALOGING SOURCE

  • Original cataloging agency: NUST
  • Transcribing agency: NUST

100 ## - HEADING--PERSONAL NAME

  • Personal name: Emilien, Gérard,
  • Dates associated with a name: 1953-

670 ## - SOURCE DATA FOUND

  • Source citation: Work cat.: (NUST): Anxiety disorders :, c2005.
© 2023 Central Library, National University of Sciences and Technology. All Rights Reserved.